<?xml version="1.0" encoding="UTF-8"?>
<marc:record xmlns:marc="http://www.loc.gov/MARC21/slim">
   <marc:leader>00000nam a2200000 a 4500</marc:leader>
   <marc:datafield ind1="1" ind2=" " tag="100">
      <marc:subfield code="a">Jaye, Lola</marc:subfield>
      <marc:subfield code="4">aut</marc:subfield>
      <marc:subfield code="e">Verfasser/-in</marc:subfield>
   </marc:datafield>
   <marc:datafield ind1="0" ind2="0" tag="245">
      <marc:subfield code="a">Für immer, Dein Dad</marc:subfield>
   </marc:datafield>
   <marc:datafield ind1="0" ind2="0" tag="245">
      <marc:subfield code="b">Roman</marc:subfield>
   </marc:datafield>
   <marc:datafield ind1="0" ind2="0" tag="245">
      <marc:subfield code="c">Lola Jaye. Dt. von Karolina Fell</marc:subfield>
   </marc:datafield>
   <marc:datafield ind1=" " ind2="1" tag="264">
      <marc:subfield code="a">Reinbek bei Hamburg</marc:subfield>
      <marc:subfield code="b">Rowohlt-Taschenbuch-Verl.</marc:subfield>
      <marc:subfield code="c">2010</marc:subfield>
   </marc:datafield>
   <marc:datafield ind1="1" ind2=" " tag="520">
      <marc:subfield code="a">Lois verlor mit 6 Jahren ihren Vater durch eine schwere Krankheit. Ihren Stiefvater und ihre Mutter ablehnend, fühlt sie sich nur bei ihren beiden Freunden, dem Geschwisterpaar Corey und Carla, wohl, bis sie eines Tages von ihrer Tante ein Buch mit Aufzeichnungen und Ratschlägen ihres Vaters für sie bekommt, das ihr von ihrem 13. bis zum 30. Lebensjahr zur Seite steht. Der 1. ins Deutsche übersetzte Roman der 35-jährigen Londoner Psychologin ist nett zu lesen, doch sehr sentimental und moralisierend und nicht nur von der Idee her, sondern auch von Sprache und Stil her an Cecelia Aherns "P.S. Ich liebe dich" (BA 6/04) angelehnt. Auch gibt es eindeutige "Gute" und eindeutige "Böse", so z.B. eine gemeine Klassenkameradin, die sich zu einer hässlichen Erwachsenen in der "untersten" gesellschaftlichen Schicht entwickelt, oder eine neidische Kollegin, deren Schandtaten jedoch ans Licht kommen. Am Ende entwickelt sich alles zum exakt voraussagbaren Happy End. 751 Ellen Kipple</marc:subfield>
   </marc:datafield>
   <marc:datafield ind1=" " ind2=" " tag="020">
      <marc:subfield code="a">9783499247231</marc:subfield>
      <marc:subfield code="9">9783499247231</marc:subfield>
   </marc:datafield>
   <marc:datafield ind1=" " ind2=" " tag="041">
      <marc:subfield code="a">ger</marc:subfield>
   </marc:datafield>
   <marc:datafield ind1=" " ind2=" " tag="300">
      <marc:subfield code="a">329 S.</marc:subfield>
   </marc:datafield>
</marc:record>
